| 000 | 00946nam a2200301 i 4500 | ||
|---|---|---|---|
| 999 |
_c200425615 _d43538 |
||
| 003 | TR-AnTOB | ||
| 005 | 20190716092627.0 | ||
| 008 | 161031s2016 tu b 000 0 tur d | ||
| 020 | _a9786051469355 | ||
| 040 |
_aTR-AnTOB _cTR-AnTOB _erda _beng |
||
| 041 | _atur | ||
| 050 | 4 |
_aKKX4314 _b.H37 2016 |
|
| 090 |
_aKKX4314 _b.H37 2016 |
||
| 100 | 1 |
_aHartavi, Ahmet. _4author |
|
| 245 | 1 | 0 |
_aÖrgütlü suçlar / _cAv. Ahmet Hartavi. |
| 264 | 1 |
_aAnkara : _bAdalet Yayınevi, _c2016. |
|
| 300 |
_axiv, 133 pages ; _c24 cm. |
||
| 336 |
_atext _2rdacontent. _btxt |
||
| 337 |
_aunmediated _2rdamedia. _bn |
||
| 338 |
_aVolume _2rdacarrier. _bnc |
||
| 490 | 0 |
_aHukuk Yayınları dizisi ; _v1941 |
|
| 504 | _aIncludes bibliographical references (pages [131]-133). | ||
| 590 | _aDonated by Ankara Valiliği. | ||
| 650 | 0 |
_aOrganized crime _zTurkey. |
|
| 650 | 0 | _aCriminal law. | |
| 942 |
_2lcc _cBK |
||